00739nam a2200205 i 4500003000900000005001700009007000300026008004100029020001700070040003000087082001300117110007800130245010300208264007900311300002600390336002700416337003400443338002800477504002800505DO-SdBNP20230920112222.0ta110413s2021 dr 000 0 spa d a789945621617 aDO-SdBNPbspacBNPHUerda bR4262221 aRepública DominicanabMinisterio de Salud Pública y Asistencia Social10aReglamento técnico para el funcionamiento de las comisiones de veedurías ciudadanas en salud / aSanto Domingo :bMinisterio de Salud Pública y Asistencia Social,c2021. a29 páginas c21 cm. 2rdacontentatextobtxt 2rdamediaasin mediación bn 2rdacarrieravolumenbnc aBibliografía p: 28-29